<?xml version="1.0" encoding="UTF-8"?><?xml-stylesheet type="text/xsl" href="static/style.xsl"?><OAI-PMH xmlns="http://www.openarchives.org/OAI/2.0/" xmlns:xsi="http://www.w3.org/2001/XMLSchema-instance" xsi:schemaLocation="http://www.openarchives.org/OAI/2.0/ http://www.openarchives.org/OAI/2.0/OAI-PMH.xsd"><responseDate>2026-06-01T04:33:25Z</responseDate><request verb="GetRecord" identifier="oai:riuma.uma.es:10630/24849" metadataPrefix="marc">https://riuma.uma.es/rest/oai/request</request><GetRecord><record><header><identifier>oai:riuma.uma.es:10630/24849</identifier><datestamp>2026-02-03T12:54:23Z</datestamp><setSpec>com_10630_19559</setSpec><setSpec>com_10630_3139</setSpec><setSpec>com_10630_10</setSpec><setSpec>col_10630_24801</setSpec></header><metadata><record xmlns="http://www.loc.gov/MARC21/slim" xmlns:dcterms="http://purl.org/dc/terms/" xmlns:doc="http://www.lyncode.com/xoai" xmlns:xsi="http://www.w3.org/2001/XMLSchema-instance" xsi:schemaLocation="http://www.loc.gov/MARC21/slim http://www.loc.gov/standards/marcxml/schema/MARC21slim.xsd">
   <leader>00925njm 22002777a 4500</leader>
   <datafield ind2=" " ind1=" " tag="042">
      <subfield code="a">dc</subfield>
   </datafield>
   <datafield ind2=" " ind1=" " tag="720">
      <subfield code="a">Sánchez González, Laura</subfield>
      <subfield code="e">author</subfield>
   </datafield>
   <datafield ind2=" " ind1=" " tag="260">
      <subfield code="c">2022</subfield>
   </datafield>
   <datafield ind2=" " ind1=" " tag="520">
      <subfield code="a">En este artículo se presentan los principios de procedimiento como una estrategia clave para la mejora de los procesos de diseño didáctico y evaluación de la acción docente. Para ello, a través de la experiencia de una alumna del Grado de Pedagogía, se realiza un recorrido por las distintas etapas que conforman su descubrimiento y utilización. Así, se ofrece una conceptualización teórica del término, una descripción de las diferentes fases que componen su uso y una reflexión acerca del valor de la aplicación de esta estrategia en la profesión docente.</subfield>
   </datafield>
   <datafield ind1="8" ind2=" " tag="024">
      <subfield code="a">Sánchez-González, L. (2022). Principios de procedimiento: una estrategia para la calidad del diseño didácti - co y la evaluación de la práctica docente.  Márgenes Revista de Educación de la Universidad de Málaga, 3 (2), 203-214.  http:// dx.doi.org/ 10.24310/mgnmar.v3i2.13932</subfield>
   </datafield>
   <datafield ind1="8" ind2=" " tag="024">
      <subfield code="a">https://hdl.handle.net/10630/24849</subfield>
   </datafield>
   <datafield ind1="8" ind2=" " tag="024">
      <subfield code="a">https://doi.org/10.24310/mgnmar.v3i2.13932</subfield>
   </datafield>
   <datafield ind2="0" ind1="0" tag="245">
      <subfield code="a">Principios de Procedimiento: una estrategia para la calidad del diseño didáctico y la evaluación de la práctica docente</subfield>
   </datafield>
</record>
</metadata></record></GetRecord></OAI-PMH>